|
|
|
|
| LEADER |
00000nam0a2200000 4500 |
| 001 |
356888 |
| 005 |
20231102010934.0 |
| 035 |
|
|
|a (RuTPU)RU\TPU\retro\14148
|
| 090 |
|
|
|a 356888
|
| 100 |
|
|
|a 20200724d1977 km y0rusy50 ca
|
| 101 |
0 |
|
|a rus
|
| 102 |
|
|
|a RU
|
| 105 |
|
|
|a a z 001zy
|
| 200 |
1 |
|
|a Безопасность взрывных работ в промышленности
|f под ред. Б. Н. Кутузова
|
| 210 |
|
|
|a Москва
|c Недра
|d 1977
|
| 215 |
|
|
|a 344 с.
|c ил.
|
| 320 |
|
|
|a Библиогр.: с. 333-341
|
| 606 |
1 |
|
|a Взрывные работы
|x Техника безопасности
|2 stltpush
|3 (RuTPU)RU\TPU\subj\2386
|9 30962
|
| 610 |
1 |
|
|a взрывчатые вещества
|
| 610 |
1 |
|
|a механические воздействия
|
| 610 |
1 |
|
|a электризация
|
| 610 |
1 |
|
|a заряжение
|
| 610 |
1 |
|
|a электрическое взрывание
|
| 610 |
1 |
|
|a поверхности
|
| 610 |
1 |
|
|a подземная разработка
|
| 610 |
1 |
|
|a массовые взрывы
|
| 610 |
1 |
|
|a отказы
|
| 610 |
1 |
|
|a выработки
|
| 610 |
1 |
|
|a защита
|
| 610 |
1 |
|
|a открытые горные работы
|
| 610 |
1 |
|
|a шахты
|
| 610 |
1 |
|
|a воспламенение
|
| 610 |
1 |
|
|a взрывоопасная атмосфера
|
| 610 |
1 |
|
|a предохранительные приспособления
|
| 675 |
|
|
|a 622.235.8
|v 4
|
| 702 |
|
1 |
|a Кутузов
|b Б. Н.
|4 340
|
| 801 |
|
1 |
|a RU
|b 63413507
|c 20200724
|
| 801 |
|
2 |
|a RU
|b 63413507
|c 20210209
|g RCR
|
| 942 |
|
|
|c BK
|